Central Library OPAC University of Rajshahi

An introduction to modern thermodynamical principles / (Record no. 8750)

MARC details
000 -LEADER
fixed length control field 00767cam a22002651 4500
001 - CONTROL NUMBER
control field 8750
003 - CONTROL NUMBER IDENTIFIER
rucl marc code BD-RjUL
005 - DATE AND TIME OF LATEST TRANSACTION
control field 20211208234637.0
008 - FIXED-LENGTH DATA ELEMENTS--GENERAL INFORMATION
fixed length control field 140119s1952 enke b 001 0 eng d
035 ## - SYSTEM CONTROL NUMBER
System control number (BD-RjUL)8795
System control number (OCoLC)1847549
040 ## - CATALOGING SOURCE
Original cataloging agency DLC
Transcribing agency FMU
Modifying agency OCoLC
-- FrPBIS
-- DLC
-- BD-RjUL
Language of cataloging eng
041 ## - LANGUAGE CODE
Language code of text/sound track or separate title eng
082 ## - DEWEY DECIMAL CLASSIFICATION NUMBER
Classification number 536.7
Author mark and year UBI 1952
100 1# - MAIN ENTRY--PERSONAL NAME
Personal name Ubbelohde, A. R.
Fuller form of name (Alfred RenΓ©)
9 (RLIN) 27216
245 03 - TITLE STATEMENT
Title An introduction to modern thermodynamical principles /
250 ## - EDITION STATEMENT
Edition statement 2d ed.
260 ## - PUBLICATION, DISTRIBUTION, ETC. (IMPRINT)
Place of publication, distribution, etc. Oxford :
Name of publisher, distributor, etc. Clarendon Press,
Date of publication, distribution, etc. 1952.
300 ## - PHYSICAL DESCRIPTION
Pagination vii, 185 p.
Illustrations diagrs.
Size 21 cm.
504 ## - BIBLIOGRAPHY, ETC. NOTE
Bibliography, etc Includes bibliographical references.
650 #0 - SUBJECT ADDED ENTRY--TOPICAL TERM
Topical term or geographic name as entry element Thermodynamics.
9 (RLIN) 27217
942 ## - ADDED ENTRY ELEMENTS (KOHA)
Source of classification or shelving scheme Dewey Decimal Classification
Koha item type Books
Holdings
Lost status Source of classification or shelving scheme Damaged status Not for loan Collection code Permanent Location Current Location Shelving location Date acquired Source of acquisition Cost, normal purchase price Total Checkouts Full call number Date last seen Copy number Koha item type
  Dewey Decimal Classification   Not For Loan Non-fiction Central Library, University of Rajshahi Central Library, University of Rajshahi   07/02/1958 OXFORD U. PRESS 20.50   536.7 UBI 1952 19/01/2014 C-1 Books
  Dewey Decimal Classification     Non-fiction Central Library, University of Rajshahi Central Library, University of Rajshahi   15/11/1957 OXFORD U. PRESS 20.50   536.7 UBI 1952 03/10/2016 C-2 Books